| 000 | 00400nam a2200145Ia 4500 | ||
|---|---|---|---|
| 008 | 230917s9999||||xx |||||||||||||| ||und|| | ||
| 040 |
_e49293 _aMAIN |
||
| 041 | _aEnglish | ||
| 082 | _a954.01 G749I | ||
| 100 | _aGoyal, Shankar | ||
| 245 | 4 | _aThe image of classical India: its changing colour and contours | |
| 260 |
_aJodhpur _bKusumanjali Prakashan _c1997 |
||
| 300 | _axiii, 212 p. | ||
| 942 | _cBK | ||
| 999 |
_c98691 _d98691 |
||